Era uma vez Lisboa (Record no. 44885)

MARC details
000 -Etiqueta do registo
Valores 00751nam a2200217 4500
010 ## - Número ISBN
ISBN 9789896267971
021 ## - Número do Depósito Legal
Número 417792/16
100 ## - Dados gerais de processamento
Dados gerais 20170307d2017 m y0pory50030103ba
101 0# - Língua de publicação
Língua por
102 ## - País de publicação
País PT
200 1# - Titulo e menção de responsabilidade
Título próprio Era uma vez Lisboa
Informação de outro título vidas, lugares, paixões, conspiracões, heróis, vilões
-- a extraordinária epopeia de uma cidade única ao longo dos tempos
Primeira menção de responsabilidade Luís Ribeiro
205 ## - Menção da edição
Edição 1.ª ed.
210 #9 - Publicação
Local de publicação Lisboa
Nome do editor A Esfera dos Livros,
Data de publicação 2017
215 ## - Descrição física 
Paginação / Volumes 277 p., [16] p. il.
Outras indicações físicas il.
Dimensões 23 cm
675 ## - CDU
Notação 94(469.411)
Edição BN
Língua por
700 #1 - Autor principal
Apelido Ribeiro,
Nome Luís,
Datas 1976-
801 #0 - Fonte de origem
País PT
Agência BN
Regras de catalogação RPC
856 41 - Localização e acesso electrónico 
URL <a href="http://rnod.bnportugal.gov.pt/ImagesBN/winlibimg.aspx?skey=&doc=1957795&img=91445&save=true">http://rnod.bnportugal.gov.pt/ImagesBN/winlibimg.aspx?skey=&doc=1957795&img=91445&save=true</a>
990 ## - Elementos KOHA
Tipo de documento Livro
Holdings
Aquisição Empréstimo Código de barras Cota Permissão de empréstimo Tipo de documento
Biblioteca Escolar Doutor Hernâni Cidade Biblioteca Escolar Doutor Hernâni Cidade 81019 94(469) HIST. LISBOA   Livro

Powered by Koha